Special report (Record no. 80663)
[ view plain ]
| 000 -LEADER | |
|---|---|
| fixed length control field | 01081cab a22001935a 4500 |
| 001 - CONTROL NUMBER | |
| control field | L144952 |
| 008 - FIXED-LENGTH DATA ELEMENTS--GENERAL INFORMATION | |
| fixed length control field | 080826e20080807xxko g 000 0 eng d |
| 035 ## - SYSTEM CONTROL NUMBER | |
| System control number | (Sirsi) u144952 |
| 041 0# - LANGUAGE CODE | |
| Language code of text/sound track or separate title | eng |
| 100 1# - MAIN ENTRY--PERSONAL NAME | |
| Personal name | Handley, Lucy |
| 245 00 - TITLE STATEMENT | |
| Title | Special report |
| Remainder of title | training |
| 260 ## - PUBLICATION, DISTRIBUTION, ETC. | |
| Date of publication, distribution, etc. | 2008 |
| 490 ## - SERIES STATEMENT | |
| Series statement | Construction News |
| Volume/sequential designation | 7080 7 August 2008, 27-30(4) |
| 520 ## - SUMMARY, ETC. | |
| Summary, etc. | Discusses strategies put into place by companies to develop skilled workforce. Some create their own academies, while family businesses can offer training to their staff who are family members. Some companies train their managers who in turn have the responsibility to transmit their knowledge to the staff. Reports that promotion from the position of manager to director can be optimised by adequate training and qualifications. Examines the possibility for firms to analyse their specific region's market and be provided with the resources needed to offer training answering their needs. |
| 590 ## - LOCAL NOTE (RLIN) | |
| Local note | KA |
| 651 #4 - SUBJECT ADDED ENTRY--GEOGRAPHIC NAME | |
| Geographic name | United Kingdom |
| Chronological subdivision | |
| 690 ## - LOCAL SUBJECT ADDED ENTRY--TOPICAL TERM (OCLC, RLIN) | |
| Topical term or geographic name as entry element | CAREERS, EDUCATION AND TRAINING-QUALIFICATION ROUTES |
| 942 ## - ADDED ENTRY ELEMENTS (KOHA) | |
| Suppress in OPAC | 0 |
| Withdrawn status | Lost status | Source of classification or shelving scheme | Damaged status | Not for loan | Home library | Current library | Shelving location | Date acquired | Total Checkouts | Full call number | Barcode | Date last seen | Copy number | Price effective from | Koha item type |
|---|---|---|---|---|---|---|---|---|---|---|---|---|---|---|---|
| Dewey Decimal Classification | London | London | Journal article | 26/08/2008 | L144952 | 144952-1001 | 06/08/2019 | 1 | 06/08/2019 | Journal article |